000 00505 a2200181 4500
003 OSt
005 20231206101109.0
008 231206b |||||||| |||| 00| 0 eng d
020 _a9788126424481
040 _coclc
082 _a894.8123
_bMAN/E
100 _aMangad, Ambikasuthan
_96922
245 _aEnmakaje /
_cAmbikasuthan Mangad
250 _a24th ed.
260 _aKottayam:
_bD C Books,
_c2022.
300 _a200p.
942 _2ddc
_cBK
_h894.8123
_iMAN/E
_k894.8123
_mMAN/E
999 _c43993
_d43993